00510 2200181 4500001002100000008004100021035002000062245007800082100001700160110001800177260003900195300001200234020002200246084001400268082000800282650001900290990001900309INLIS000000000001233 ind  a0010-0724001233 aKekayaan Sumber Daya Indonesia (Masalah Dan Pengelolaannya)cHeri Sucitro aHeri Sucitro aSucitro, Heri aSurakartabEra Pustaka Utamac2008 a76 hlm. a978-602-8024-07-5 a621 HER k a621 aFisika Terapan aP29/CP/24/1233